L'islam et son fondateur (Record no. 164958)

MARC details
000 -LEADER
campo de control de longitud fija 00766nam a22002055i 4500
001 - NÚMERO DE CONTROL
campo de control 164958
003 - IDENTIFICADOR DE NÚMERO DE CONTROL
campo de control ES-MaACL
005 - FECHA Y HORA DE LA ÚLTIMA TRANSACCIÓN
campo de control 20250815164345.0
008 - DATOS DE LONGITUD FIJA--INFORMACIÓN GENERAL
campo de control de longitud fija 050810s1874 sz | |||||||| ||fre d
040 ## - FUENTE DE CATALOGACIÓN
Centro catalogador/agencia de origen CAM
Lengua de catalogación spa
Centro/agencia transcriptor CAM
100 1# - ENTRADA PRINCIPAL--NOMBRE DE PERSONA
Nombre de persona Scholl, Jules-Charles.
9 (RLIN) 132567
245 12 - MENCIÓN DEL TÍTULO
Título L'islam et son fondateur
Resto del título : étude morale /
Mención de responsabilidad, etc. par Jules-Charles Scholl; avec un tableau généalogique de la famille de Mahomet.
260 ## - PUBLICACIÓN, DISTRIBUCIÓN, ETC.
Lugar de publicación, distribución, etc. Neuchatel :
Nombre del editor, distribuidor, etc. Librairie Générale de Jules Sandoz,
Fecha de publicación, distribución, etc. 1874 (
Fabricante Imprimerie de James Attinger)
300 ## - DESCRIPCIÓN FÍSICA
Extensión XIV, 461 p., [1] h. pleg. ;
Dimensiones 21 cm.
650 #7 - PUNTO DE ACCESO ADICIONAL DE MATERIA--TÉRMINO DE MATERIA
Término de materia o nombre geográfico como elemento de entrada Islamismo
Fuente del encabezamiento o término embne
9 (RLIN) 13903
700 1# - ENTRADA AGREGADA--NOMBRE PERSONAL
Nombre de persona Sandoz, Jules,
Término indicativo de función/relación
9 (RLIN) 132409
752 ## - ENTRADA AGREGADA--NOMBRE JERÁRQUICO DEL LUGAR
País o entidad superior Suiza -
Ciudad Neuchatel
852 ## - LOCALIZACIÓN
Ubicación ES-MaACL
Número de control de estantería D-4860
Nota libre -- Enc. hol.
Holdings
Estatus retirado Estado de pérdida Estado de daño No para préstamo Colección Biblioteca de origen Biblioteca actual Ubicación en estantería Fecha de adquisición Fuente de adquisición Total de préstamos Signatura topográfica completa Código de barras Visto por última vez Precio de reemplazo Tipo de ítem Koha
        Libros del s. XIX Biblioteca del Ateneo de Madrid Biblioteca del Ateneo de Madrid Sala Valle Inclán 17/01/2008     D-4860 901172924 23/02/2023 23/02/2023 Libro impreso antiguo